| 000 | 00389nam a2200157Ia 4500 | ||
|---|---|---|---|
| 003 | Ost | ||
| 005 | 20260225132554.0 | ||
| 008 | 260225s9999||||xx |||||||||||||| ||und|| | ||
| 040 | _cfsic | ||
| 041 | _afre | ||
| 082 | _a440 | ||
| 100 |
_aHanot Muriel _eAuteur |
||
| 245 | 0 | _aTélévision réalité ou réalisme? : | |
| 245 | 0 |
_bintroduction à l'analyse / _cHanot Muriel |
|
| 942 | _cكتاب | ||
| 999 |
_c34353 _d34353 |
||